Big Cats - Statistics

General Stats
  • This quiz has been taken 680 times
  • The average score is 6 of 7
Answer Stats
BIG cat % Correct
Lion
99%
Tiger
98%
Puma
93%
Leopard
90%
Cheetah
85%
Jaguar
81%
Snow leopard
40%
No matching quizzes found
Score Distribution
Percent of People with Each Score
Percentile by Number Answered
Your Score History
You have not taken this quiz